000 00941nas a2200265 454500
001 30828
005 20260407193508.0
008 260407s1957####ag###########|||spa#d
003 AR-UNSa-BCEJYS
040 _aAR-UNSa-BCEJYS
_bspa
_cAR-UNSa-BCEJYS
080 _a330(82)
_xEconomia Argentina
245 1 0 _aPanorama de la economía Argentina
022 _a0031-0905
264 1 _aBuenos Aires :
_b[s.n.]
_c1957
310 _aFrecuencia: Trimestral Cambia de Director a partir del IV Trimestre de 1969, Nº 41 por Joaquín Llambías
041 _aspa
942 _cSER
590 _aniveau_biblio:s niveau_hierar:1
100 1 _aMoyano Llerena, Carlos
650 _aCondiciones económicas
650 _aComportamiento económico
650 _aRecursos económicos
650 _aECONOMIA ARGENTINA
856 4 1 _uhttps://biblioeco.unsa.edu.ar/pmb/images/revistas/Panorama de la economia Argentina-r14864.jpg
_yImagen de portada
_qimage/jpeg
999 _c8697
_d8697